| 000 | 00495pab a2200181 454500 | ||
|---|---|---|---|
| 008 | 180718b2004 xxu||||| |||| 00| 0 eng d | ||
| 100 | _aShah, Tushar | ||
| 245 | _aWater sector reforms in Mexico: lessons for India's new water policy | ||
| 260 | _c2004 | ||
| 300 | _ap.361-70. | ||
| 362 | _a24 Jan | ||
| 650 | _aWater supply - India | ||
| 650 | _aWater supply | ||
| 700 | _aBuechler, Stephanie | ||
| 700 | _aScott, Cristopher | ||
| 773 | _aEconomic and Political Weekly | ||
| 909 | _a59398 | ||
| 999 |
_c59398 _d59398 |
||